000 00357nam a2200157Ia 4500
008 230524s9999 xx 000 0 und d
082 _a539
_bPHE
100 _aB.L.Theraja
245 0 _aModern Physics
250 _a1ST
260 _aNEW DELHI
_bS.Chand
_c2002
300 _aVIII;422
500 _aQuantity Number: 2
650 _aPhysics
942 _cBK
999 _c17628
_d17628